000 00569nam a2200181 a 4500
001 000017178
005 20250130114120.0
008 100319s19uu dr a 000 p spa d
040 _aDO-SdBNP
_bspa
_cBNPHU
082 _aRD861.44
_bM425e
100 1 _aMateo, Tirso,
_929285
245 1 0 _aÉpica de mi Quisqueya /
_cTirso Mateo.
260 _aSanto Domingo :
_b[s.n],
_c[19--].
300 _a86 p. :
_bil. ;
_c22 cm.
500 _aIncluye datos biográficos del autor en la contracubierta
590 _aInventariado, 2018/LP
910 _aValidado. Control de calidad MFF
999 _c16704
_d16704